| 000 | 00676nam a2200193 i 4500 | ||
|---|---|---|---|
| 001 | 73675 | ||
| 003 | ES-MaACL | ||
| 005 | 20230906171905.0 | ||
| 007 | t| | ||
| 008 | 040909s1975 sp ||||1| spa d | ||
| 100 | 0 |
_aGómez-Tabanera, José Manuel, _d1926-2011 _958165 |
|
| 245 | 1 | 3 |
_aLa Asturias que conoció George Borrow (1837) _b: homenaje a la memoria de Carlo Clavería / _cJosé Manuel Gómez-Tabanera. |
| 260 |
_aOviedo : _bUniversidad de Oviedo, _c1975. |
||
| 300 |
_a26 h. : _bil. ; _c25 cm. |
||
| 500 | _aEs Separata de: Archivum, XXV, p. 445-496. | ||
| 852 |
_aES-MaACL _j2133-F-36 _bR.106794 |
||
| 852 |
_aES-MaACL _j2103-F-29 _bR.94690 |
||
| 999 |
_c73675 _d73675 |
||